1804 1109 1315 1227 1126 1323 1411 1700 1063 1520 1618 1153 1597 1585 1667 1148 1547 1804 1152 1578 1720 1055 1178 1823 1043 1965 1796 1189 1882 1192 1512 1018 1599 1922 1853 1029 1401 1703 1840 1822 1867 1545 1905 1054 1507 1333 1587 1077 1173 1937 1499 1597 1051 1479 1825 1774 1086 1353 1052 1777 1654 1578 1461 1426 1655 1659 1329 1052 1556 1271 1832 1072 1363 1909 1834 1975 1795 1729 1208 1890 1518 1015 1805 1227 1600 1743 1543 1350 1240 1321 1944 1562 1848 1995 1445 1919 1433 1811 1003 BCNSPRNW ULIB Ver.6.0+V

เปลี่ยนเป็นภาษาไทย

Change to English
 แสดงรายละเอียดบรรณานุกรม
  กลับหน้าหลัก

Brief Record : Get Marc (ISO 2709) : E-mail record : QR code < ปิดหน้าต่าง
LEADER : 00000nas 2200000uu 4500
001    13399125535
003     ULIB
008    170622s2560||||th 000 0 tha d
022 0  ^a058797
110 1  ^aวารสารโรงพยาบาลพิจิตร
245 00 ^aวารสารโรงพยาบาลพิจิตร^cโรงพยาบาลพิจิตร
260    ^aพิจิตร;^bโรงพยาบาลพิจิตร,^cม.ป.ป.
310    ^aรายปักษ์
850 ^a ULIB^bปีที่ 44 ฉบับที่ 1 ฉ.1
945    ^p0^l0^i904522
999    ^aวรรณษา ชูชัยมงคล
รายการนี้ยังไม่มีแท็ก
คุณยังไม่ได้ล็อกอิน คุณสามารถมีกิจกรรมร่วมกับเว็บไซต์ได้ แต่ต้องล็อกอินก่อน ::
  ล็อกอิน

รายการสื่อสารสนเทศ (วารสาร)

ดูแบบ: กล่อง รายการ
ARRIVED
ปีที่ 44 ฉบับที่ 1 ฉ.1
สถานที่: ห้องสมุดวิทยาเขตสวรรค์ประชารักษ์ >หนังสือพิมพ์

BibComment


ยังไม่เคยถูกคอมเมนท์

คอมเมนท์ทรัพยากรรายการนี้
  คอมเมนท์: วารสารโรงพยาบาลพ..


 Copyright 2026. Bcnsprnw @Library